Biblioteca y Centro de Documentación

Vista normal Vista MARC

Entrada Nombre corporativo

Número de registros utilizados en: 2

001 - NÚMERO DE CONTROL

  • Campo de control: 5110

003 - IDENTIFICADOR DE NÚMERO DE CONTROL

  • Campo de control: ES-MaCES

005 - FECHA Y HORA DE LA ULTIMA MODIFICACION

  • Campo de control: 20031009142900.0

008 - ELEMENTOS DE DATOS DE LONGITUD FIJA

  • Campo de longitud fija: 031009 | azznnaabn || ana d

035 ## - NÚMERO DE CONTROL DEL SISTEMA

  • Número de control del sistema: CES20030003340e

040 ## - FUENTE DE LA CATALOGACIÓN

  • Agencia original de catalogación: ES-MaCES
  • Idioma de catalogación: spa
  • Agencia de transcripción: ES-MaCES

110 1# - ENCABEZAMIENTO--NOMBRE CORPORATIVO

  • Nombre corporativo o de jurisdicción como elemento de entrada: Unión Europea
  • Título de una obra: Directiva que modifica la Directiva 76/204/CEE del Consejo relativa a la aplicación del principio de igualdad de trato entre hombres y mujeres en lo que se refiere al acceso al empleo, a la formación y a la promoción profesionales, y a las condiciones de trabajo
  • Lugar de reunión o firma del tratado: 2002

510 1# - TRAZADO VEÁSE ADEMÁS--NOMBRE CORPORATIVO

  • Nombre corporativo o jurisdicción como elemento de entrada: Unión Europea
  • Título de una obra: Directiva relativa a la igualdad de trato entre hombres y mujeres en lo que se refiere al acceso al empleo, a la formación y a la promoción de profesionales y a las condiciones de trabajo
  • Fecha de reunión o firma de tratado: 1976

670 ## - FUENTE DE DATOS ENCONTRADOS

  • Fuente de citación: EUR-lex
  • Información encontrada: : es la Directiva 2002/73/CE del Parlamento y del Consejo, de 23 de septiembre de 2002

901 ## - CES. DATOS SIRTEX

  • ID Sirtex (N5N8): 0001800005841
  • 005BIS Sirtex: 200310091429ALORITE
© CES, Consejo Económico y Social de España 2021